000 00550cam a22002054a 4500
005 20250605164129.0
008 250528s ||||||||||||||||||||||||d
035 _a18585
020 _a500019002
040 _aGR-AtMCL
_bgre
_dGR-AtMCL
_eAACR2
245 1 _aMemphis
260 _c1998
300 _a82
520 _aChallenging, original and inventive - the work of Memphis turned the design world upside down.
700 1 _aFitoussi Brigitte
_94845
700 1 _aThames And Hudson
_92417
942 _cBK
999 _c3934
_d3934